banner-ar

المؤسسة العسكرية المصرية في عصر الامبراطورية 1570 - 1087 ق م / (Record no. 62700)

MARC details
000 -الفاتح
حقل البيانات ثابتة الطول 01254nam a22002777a 4500
005 - وقت وتاريخ اخر تعامل مع التسجيلة
رقم الضبط 20240530110603.0
008 - عناصر البيانات ثابتة الطول - معلومات عامة
حقل البيانات ثابتة الطول 161016s2014 uaabf g b 001 0dara d
017 ## - رقم الايداع القانونى
رقم الايداع القانونى 2014/16012
المصدر ( الهيئة المختصة) مصر. دار الكتب
020 ## - الرقم الدولى المعيارى للكتب
الرقم الدولى المعيارى للكتاب 9789774489679
040 ## - مصدر الفهرسة
وكالة الفهرسة الأصلية EG-CaGPL
وكالة النسخ EG-CaGPL
082 ## - رقم تصنيف ديوى العشرى
رقم الطبعة 21
رقم التصنيف 355.30932
رقم المادة ق/أ م
100 0# - المدخل الرئيسى - إسم شخصى
الإسم الشخصى احمد قدري
245 12 - بيان العنوان
العنوان المؤسسة العسكرية المصرية في عصر الامبراطورية 1570 - 1087 ق م /
بيان المسئوليه,etc تاليف احمد قدري ؛ ترجمة مختار السويفي ؛ محمد العزب موسى ؛ مراجعة محمد جمال الدين مختار .
250 ## - بيان الطبعة
بيان الطبعة ط 1 .
260 ## - PUBLICATION, DISTRIBUTION, ETC. (IMPRINT)
تاريخ النشر أو التوزيع 2014 .
300 ## - الوصف المادى
التعداد 454 ص :
تفاصيل ماديه اخرى للوعاء ايض ؛
أبعاد الوعاء 24 سم .
490 0# - بيان السلسلة
عنوان السلسلة الجيش المصري .
504 ## - تبصرة ببليوجرافية
تبصرة ببليوجرافية,الخ ببليوجرافية : ص387 -400 .
651 07 - المدخل الاضافى بالموضوع - اسم جغرافى
الاسم الجغرافي مصر القديمة
التقسيم الفرعي العام الجيش
651 07 - المدخل الاضافى بالموضوع - اسم جغرافى
الاسم الجغرافي مصر القديمة
التقسيم الفرعي العام الاحوال السياسية
700 0# - المدخل الاضافى - اسم شخصى
الإسم الشخصى مختار السويفي
الدور مترجم .
700 0# - المدخل الاضافى - اسم شخصى
الإسم الشخصى محمد العزب موسى
الدور مترجم .
700 0# - المدخل الاضافى - اسم شخصى
الإسم الشخصى محمد جمال الدين مختار
الدور مراجع .
942 ## - عناصر المدخل الإضافي( كوها)
مصدر التصنيف او مخطط الترفيف Dewey Decimal Classification
Koha [default] item type كتاب
260 ## - PUBLICATION, DISTRIBUTION, ETC. (IMPRINT)
-- القاهرة :
-- الهيئة المصرية العامة للكتاب ،
Holdings
حالة التراجع حالة الفقد حالة تلف ليس للاعارة المكان المؤقت الموقع الحالى موقع الترفيف تاريخ الاكتساب اجمالي اﻻعارات رقم الطلب الباركود تاريخ اخر مشاهدة تاريخ تفعيل السعر نوع وعاء كوها
        مكتبة القاهرة الكبرى مكتبة القاهرة الكبرى   10/17/2016   355.30932 ق/أ م 162520 10/17/2016 10/17/2016 كتاب

Powered By

EGPV